Neurosis, psicopatía y psicosis /
Guardado en:
| Autor Principal: | |
|---|---|
| Formato: | Libro |
| Publicado: |
Buenos Aires :
Paidós,
1966
|
| Materias: | |
| Etiquetas: |
Agregar Etiqueta
Sin Etiquetas, Sea el primero en etiquetar este registro!
|
| LEADER | 00840nam a22002175a 4500 | ||
|---|---|---|---|
| 001 | CEM.cems000818 | ||
| 005 | 20060210000000.0 | ||
| 008 | 130507s1966##################000#0#####d | ||
| 003 | CEMS | ||
| 082 | 0 | 4 | |a 619.89 |
| 100 | 1 | |a Balken, E. R. | |
| 245 | 1 | 0 | |a Neurosis, psicopatía y psicosis / |
| 260 | |a Buenos Aires : |b Paidós, |c 1966 | ||
| 300 | |a 203 p. | ||
| 505 | 0 | |a El tejido hecho a máquina del sue¤o americano.-La evolución fomentada por el simple vapor.-L¡neas de montaje.-El mundo acelerado de la combustión interna.-Servidores eléctricos de todo el mundo.-Llaves maestras de una era de comunicación.-La promesa y los problemas de la automación | |
| 653 | |a Alcoholismo | ||
| 653 | |a Esquizofrenia | ||
| 653 | |a Medicina | ||
| 653 | |a Neurosis | ||
| 653 | |a Psicosis | ||
| 859 | |a CEMS |b BIB. CEMS - 11 de abril |h 619.89 |i B199 |p 398.73 |t Ej.1 | ||
